00692nam a2200205 a 450000100100000000500170001000800410002704000250006808200210009310000420011424500640015625000110022026000330023130000260026449000180029083000270030804900090033595201250034499900170046900002581320200930024053.0110222s1968 sp r 000 f spa d aDO-SdBNPbspacBNPHU aNNNbA284c, 19681 aAgustí, Ignacio,d1913-1974.93814510aLa ceniza fué árbol :b19 de julio /cIgnacio Agustí. a5a ed. aBarcelona :bPlaneta,c1968. a629, [1] p. ;c22 cm.1 aómnibusv37 0aómnibus ;v37939417 aBNGR 001054708MOaGRbGRcCTd2011-02-22iLF1l0oNNN A284c, 1968p25813-10r2020-06-25w2020-06-25y4ZPréstamo en sala c25305d25305